000 00588nam a2200229Ia 4500
003 OSt
005 20220928111221.0
006 a|||||r|||| 00| 0
007 ta
008 220927b |||||||| |||| 00| 0 eng d
024 _a32818
037 _cTextual
040 _aSDCL
_cSDCL
_beng
041 _2eng
_aeng
082 _aO152:gxL03,1, K2
100 _aBhikharidas
_9422751
245 0 _aKavya nirnya.
260 _aVaranasi
_bKalyandas
_c1962
300 _a690,22p.
_ccm.
942 _hO152:gxL03,1, K2
_cTEXL
_2CC
999 _c739162
_d739162